Normal view
MARC view
- Yarborough ,E.H.Cooke
Entry Personal Name
001 - CONTROL NUMBER
- control field: 104013
003 - CONTROL NUMBER IDENTIFIER
- control field: NUST
005 - DATE AND TIME OF LATEST TRANSACTION
- control field: 20221202123521.0
008 - FIXED-LENGTH DATA ELEMENTS
- fixed length control field: 221202|| aca||aabn | a|a d
040 ## - CATALOGING SOURCE
- Original cataloging agency: NUST
- Transcribing agency: NUST
100 ## - HEADING--PERSONAL NAME
- Personal name: Yarborough ,E.H.Cooke
670 ## - SOURCE DATA FOUND
- Source citation: Work cat.: (NUST)182330: Yarborough ,E.H.Cooke, An introduction to transistor circuits /, 1960
